Sports Quiz

Random Sports or NBA Quiz

NBA Playoffs Top 10 (1990s) Quiz Stats

Quiz Updated Jun 18, 2016

Challenge
Share
Tweet
Embed
Score 0/50 Timer 05:00
3 Plays Today
Stat Player % Correct
PointsMichael Jordan
99.5%
ReboundsMichael Jordan
99.5%
AssistsMichael Jordan
99.5%
StealsMichael Jordan
99.5%
BlocksMichael Jordan
99.5%
PointsScottie Pippen
93.7%
ReboundsScottie Pippen
93.7%
AssistsScottie Pippen
93.7%
StealsScottie Pippen
93.7%
BlocksScottie Pippen
93.7%
PointsKarl Malone
90.8%
ReboundsKarl Malone
90.8%
StealsKarl Malone
90.8%
AssistsJohn Stockton
90.6%
StealsJohn Stockton
90.6%
PointsHakeem Olajuwon
87.1%
ReboundsHakeem Olajuwon
87.1%
StealsHakeem Olajuwon
87.1%
BlocksHakeem Olajuwon
87.1%
PointsShaquille O'Neal
86.1%
BlocksShaquille O'Neal
86.1%
AssistsKevin Johnson
82.1%
AssistsAvery Johnson
81.9%
ReboundsDennis Rodman
81.4%
PointsPatrick Ewing
79.8%
Stat Player % Correct
ReboundsPatrick Ewing
79.8%
BlocksPatrick Ewing
79.8%
ReboundsDavid Robinson
78.8%
BlocksDavid Robinson
78.8%
PointsCharles Barkley
77.6%
ReboundsCharles Barkley
77.6%
PointsClyde Drexler
70.7%
AssistsClyde Drexler
70.7%
StealsClyde Drexler
70.7%
AssistsGary Payton
69.9%
StealsGary Payton
69.9%
BlocksShawn Kemp
62.9%
PointsReggie Miller
60.6%
BlocksDikembe Mutombo
53.8%
ReboundsHorace Grant
47.3%
BlocksHorace Grant
47.3%
AssistsMark Jackson
39.7%
ReboundsCharles Oakley
31.2%
PointsJeff Hornacek
29.3%
AssistsJeff Hornacek
29.3%
StealsJeff Hornacek
29.3%
StealsRobert Horry
26.2%
AssistsTerry Porter
23.2%
BlocksGreg Ostertag
14.6%
StealsJerome Kersey
8.4%

You're not logged in!

Compare scores with friends on all Sporcle quizzes.
Sign Up with Email
OR
Log In

You Might Also Like...

Show Comments

Extras

Top Quizzes Today


Score Distribution

Your Account Isn't Verified!

In order to create a playlist on Sporcle, you need to verify the email address you used during registration. Go to your Sporcle Settings to finish the process.